000 00714nam a2200289Ia 4500
005 20260324135020.0
008 008 260324s9999 xx 000 0 eng d
020 _a9780429497162
037 _aEBOOK
040 _aCRL
040 _beng
040 _cCRL
041 _2eng
041 _aeng
084 _qCRL
100 _aNancy Auerbach
_91199020
245 0 _aStates, Banks, And Markets
245 0 _bMexico's Path To Financial Liberalization In Comparative Perspective
260 _bTaylor and Francis
260 _c2001
365 _a
365 _b230
856 _uhttp://www.taylorfrancis.com/books/9780429497162
942 _cEBOOK
999 _c1799661
_d1799661